Anime by Antonym Quiz Stats

 Plays Quiz not verified by Sporcle

Also try: Blockheads III
Challenge
Share
Tweet
Embed
Score 0/20 Timer 10:00
0 Plays Today
Hint Answer % Correct
White DogBlack Cat
95%
Life BookDeath Note
94.8%
White MaidBlack Butler
91.2%
My Truth in SeptemberYour Lie in April
87.3%
Many Kicks WomanOne Punch Man
85.2%
Shield on MidgetAttack on Titan
79%
Past NoteFuture Diary
78.9%
Innocent ShoeGuilty Crown
70.4%
Half Liquid CalmFull Metal Panic
68.6%
Livewoman MiseryDeadman Wonderland
67.9%
Hint Answer % Correct
DetergentBleach
65.6%
ConfinedFree!
64.6%
Life ConcealmentDeath Parade
60.9%
WrittenErased
57.6%
Demon of the BeginningSeraph of the End
55%
SameAnother
51.7%
StayhealthyGosick
43%
Goblin HeadFairy Tail
36.9%
Monochrome NightsRainbow Days
34.5%
RemembranceAmnesia
23.8%

You're not logged in!

Compare scores with friends on all Sporcle quizzes.
Join for Free
OR
Log In

You Might Also Like...

Show Comments

Extras

Created Aug 1, 2016ReportNominate
Tags:Anime Quiz, antonym

Top Quizzes Today


Score Distribution

Your Account Isn't Verified!

In order to create a playlist on Sporcle, you need to verify the email address you used during registration. Go to your Sporcle Settings to finish the process.

Report this User

Report this user for behavior that violates our Community Guidelines.

Details: